000 01856nam0a2200373 4500
001 RU\NLR\bibl\1686672
005 20260405145521.0
010 _a978-5-94274-131-0
_985
021 _aRU
_b2010-69406
_94576
035 _a(nilc)RSL-KNO-004730959
035 _a(NLR Aleph) 001677835
090 _a1082272
_c1082272
100 _a20100916d2010 |||y0rusy50 ca
101 0 _arus
102 _aRU
105 _aa |||||||||
200 1 _aМногоканальные проволочные газовые электронные умножители с зазорами 1 и 3 мм
_fБ. М. Овчинников, В. В. Парусов
210 _aМосква
_cИн-т ядерных исслед. РАН
_d2010
215 _a7, [1] с.
_cил.
_d29
225 1 _aПрепринт
_fУчреждение Российской акад. наук Ин-т ядерных исслед. РАН
_v1259/2010, июль 2010
320 _aБиблиогр. в конце кн.
606 1 _aДетекторы ядерного излучения газоразрядные проволочные
_92206694
_3RU\NLR\auth\661325775
606 1 _aДетекторы ядерного излучения многоканальные
_9942111
_3RU\NLR\auth\66348791
606 1 _aДетекторы ядерного излучения
_xФотоэлектронные умножители
_92088422
_3RU\NLR\auth\661264287
686 _aВ381.919Электронные газовые умножители,09
_2rubbk
686 _aВ381.51
700 1 _4070
_8rus
_7ca
_aОвчинников
_bБ. М.
_gБорис Михайлович
_3RU\NLR\auth\7760931
_943861
701 1 _aПарусов
_bВ. В.
_4070
801 0 _aRU
_bРГБ
_c20100916
_grcr
801 1 _aRU
_bРГБ
_c20100916
801 2 _aRU
_bNLR
_c20101014
_grcr
942 _cBOOK
980 _aNB